00513nam a2200181 a 45000010010000000030011000100080041000210350026000620820014000881000024001022450024001262600034001506500010001849420012001949520090002069980020002969990015003160000-8935ELIB.Books110520 1971  a(ELIB.Books)0000-9083 a220 bBra aBratcher, Robert G. aTouched by the fire bAmerican Bible Society c1971 aBible 2ddccBK 00102ddc4070aKBTSbKBTSd2011-05-20l0p7152r2022-01-22 00:00:00w2022-01-22yBK cbate2011-05-20 c8935d8935